|
|
|
|
| LEADER |
02318nam a2200349 a 4500 |
| 001 |
mzk03001066885 |
| 003 |
CZ BrMZK |
| 005 |
20120202150550.0 |
| 007 |
ta |
| 008 |
081125s1678 xr fr|||||00| ||latod |
| 040 |
|
|
|a BOA001
|b cze
|
| 072 |
|
7 |
|a 094
|x Staré tisky
|2 Konspekt
|9 12
|
| 080 |
|
|
|a (0.068)094
|2 MRF
|
| 100 |
1 |
|
|a Ebenauer, Hieronymus,
|d činný 1675-1681
|7 pna2008456393
|4 aut
|
| 245 |
1 |
0 |
|a Problemata Plusne Divo Thomae Aquinati Virtus Debeat, andoctrina? :
|b Sub Auspicij Reverendissimi ac Celsissimi Principis Domini, Domini Joannis Friderici e Comitibus De Waldstein Archi-Episcopi Pragensis Legati Nati, Sacri Romani Imperii Principis Regni Bohemiae Primatis Collegiatae ad S. Crucem Wratislaviae Praelati & Cantoris Cathedralis Ecclesiae Olomucensis Canonici Sacri Militaris Ordinis Crucigerorum cum Rubea Stella per Bohemiam, Moraviam, Silesiam, & Poloniam Supremi ac Generalis Magistri Universitatis Carolo-Ferdinandeae Pragensis Amplissimi Perpetui que Cancellarii &c. &c. Principis ac Domini Domini & Mecoenatis Munificentissimi, Disputatum In Aede D. Aegidio Sacra Ordinis Praedicatorum Vetero-Pragae Anno M.DC. LXXVIII Die VII. Mensis Martij. /
|c Ab Ad modvm reverendo ac eximio P. F. M. Hieronymo Ebenauer Bohemo Micro-Pragensi, Ordinis FF. Erem. M. S. P. augustini Professo Melnicensi SS. Theologiae in Universitate Carolo-Ferdinandea Pragensi Doctore, Provinciae Bohemiae Secretario, Studiorumque Magistro Regente
|
| 260 |
|
|
|a Pragae :
|b Typis Universitatis Carolo-Ferdinandeae, in Collegia Societatis Jesu ad. S. Clementem,
|c 1678
|
| 300 |
|
|
|a A-B4 [= 8] listů ;
|c 4°
|
| 500 |
|
|
|a Výzdoba: Vlys, iniciála, viněta
|
| 501 |
|
|
|a Přívazek 19 k: Oratione funebre Per l'Essequie ... / Hyacinthus a Sancto Vincentio
|
| 561 |
|
|
|a Provenience: Bibliotheck Litom. Sch. Piar.
|
| 655 |
|
7 |
|a staré tisky
|7 fd422076
|2 czenas
|
| 700 |
1 |
|
|a <<z >>Valdštejna, Jan Bedřich,
|d 1644-1694
|7 hka0112412
|4 hnr
|
| 700 |
0 |
|
|a Tomáš Akvinský,
|c svatý,
|d 1225-1274
|7 jn19981002237
|4 hnr
|
| 903 |
|
|
|a RP
|
| 910 |
|
|
|a BOA001
|b ST1-0024.698,přív.19
|
| 978 |
|
|
|b Tiskárna jezuitská
|a Praha
|c 1678
|
| 984 |
|
|
|a Praha
|b Česko
|
| 985 |
|
|
|a 1651-1700
|
| 990 |
|
|
|a BK
|
| 993 |
|
|
|a Y
|
| 991 |
|
|
|k mzk
|
| 994 |
|
|
|a UP
|l MZK03
|b 000484364
|m přívazek 19
|n záznam 1. díla (pro objednání pokračujte kliknutím)
|